[Event "GER-ch Schools U18 Girls"]
[Site "Germany"]
[Date "2010.05.08"]
[Round "5.3"]
[White "Rauch, Silja"]
[Black "Kanstinger, Pia"]
[Result "1/2-1/2"]
[WhiteElo "800"]
[BlackElo "800"]
[PlyCount "163"]
[EventDate "2010.05.07"]
[EventType "team-swiss"]
[EventRounds "7"]
[EventCountry "GER"]
[SourceTitle "EXT 2011"]
[Source "ChessBase"]
[SourceDate "2010.11.26"]
[SourceVersion "1"]
[SourceVersionDate "2010.11.26"]
[SourceQuality "1"]
[WhiteTeam "Karlsruhe KG (W)"]
[BlackTeam "Karlsruhe Suedend (W)"]
[WhiteTeamCountry "GER"]
[BlackTeamCountry "GER"]

1. e4 e5 2. d4 exd4 3. Qxd4 Nc6 4. Qc4 Bb4+ 5. c3 Ne5 6. Qd4 Bd6 7. Nf3 Nxf3+ 8. gxf3 Qf6 9. Qc4 Qd8 10. Qd5 Ne7 11. Qb5 a6 12. Qa5 Nc6 13. Bg5 Nxa5 14. Bxd8 Kxd8 15. Bh3 b6 16. 0-0 Be7 17. Nd2 d6 18. Kg2 Bxh3+ 19. Kxh3 Nc6 20. Nc4 Ne5 21. Ne3 Ng6 22. Kg3 Bh4+ 23. Kh3 Bg5 24. Rg1 Bxe3 25. fxe3 Re8 26. Rg4 h5 27. Rg3 h4 28. Rg2 Re5 29. c4 Ne7 30. Rxg7 Kc8 31. Rd1 Kb7 32. Rc1 Rg8 33. Rxf7 Ng6 34. Kg4 Ne7+ 35. Kf4 Ng6+ 36. Kg4 Rge8 37. c5 dxc5 38. b4 cxb4 39. Rfxc7+ Kb8 40. R1c6 Rg8 41. f4 Rc5 42. f5 Ne7+ 43. Kf4 Rxc6 44. Rxc6 Nxc6 45. e5 Re8 46. e6 a5 47. Ke4 Kc8 48. Kd3 Rf8 49. e4 Ne5+ 50. Kc2 Rg8 51. Kb3 Rg4 52. Ka4 Rxe4 53. Kb5 Kb7 54. a4 Rf4 55. e7 Rxf5 56. e8Q h3 57. Qe7+ Kb8 58. Kxb6 Rf7 59. Qxe5+ Kc8 60. Qc5+ Kd8 61. Qe5 Re7 62. Qd6+ Rd7 63. Qf6+ Re7 64. Kxa5 Kd7 65. Qd4+ Ke6 66. Qc4+ Kf5 67. Qc5+ Re5 68. Qb5 Rxb5+ 69. Kxb5 Kf4 70. Kxb4 Kf3 71. a5 Kg2 72. a6 Kxh2 73. Kb5 Kg2 74. a7 h2 75. a8Q+ Kg1 76. Qa7+ Kg2 77. Qa2+ Kg1 78. Kc4 h1Q 79. Kd3 Qf3+ 80. Kc2 Qf2+ 81. Kb3 Qxa2+ 82. Kxa2 1/2-1/2

[Event "GER-ch Schools U18 Girls"]
[Site "Germany"]
[Date "2010.05.07"]
[Round "1.3"]
[White "Kanstinger, Pia"]
[Black "Halle, Julia"]
[Result "0-1"]
[WhiteElo "800"]
[BlackElo "1018"]
[PlyCount "94"]
[EventDate "2010.05.07"]
[EventType "team-swiss"]
[EventRounds "7"]
[EventCountry "GER"]
[SourceTitle "EXT 2011"]
[Source "ChessBase"]
[SourceDate "2010.11.26"]
[SourceVersion "1"]
[SourceVersionDate "2010.11.26"]
[SourceQuality "1"]
[WhiteTeam "Karlsruhe Suedend (W)"]
[BlackTeam "Langensalza SG (W)"]
[WhiteTeamCountry "GER"]
[BlackTeamCountry "GER"]

1. e4 d6 2. Nf3 g6 3. Bb5+ Nd7 4. Bxd7+ Bxd7 5. 0-0 Bg7 6. Nc3 Nf6 7. b3 0-0 8. Bb2 c5 9. d4 Qb6 10. dxc5 Qxc5 11. Qd4 Qxd4 12. Nxd4 Ng4 13. h3 Ne5 14. Ncb5 Bxb5 15. Nxb5 f5 16. Nc7 Rac8 17. Ne6 Rf6 18. Bxe5 dxe5 19. Nxg7 Kxg7 20. Rac1 f4 21. c4 h5 22. h4 f3 23. gxf3 Rxf3 24. Rce1 Rcf8 25. Re3 R3f4 26. Kg2 Rg4+ 27. Rg3 Rxh4 28. f3 Kh6 29. Rh1 Rxh1 30. Kxh1 Rd8 31. Rg1 Rd2 32. Rg2 Rxg2 33. Kxg2 Kg5 34. Kg3 h4+ 35. Kh3 Kf4 36. Kxh4 Kxf3 37. Kg5 Kxe4 38. Kxg6 Kd3 39. Kf5 e4 40. Kf4 e3 41. Kf3 e2 42. Kf2 Kd2 43. a4 e1Q+ 44. Kg2 Ke3 45. Kh2 Kf3 46. b4 Qf2+ 47. Kh1 Qg2# 0-1

[Event "GER-ch Schools U18 Girls"]
[Site "Germany"]
[Date "2010.05.07"]
[Round "2.3"]
[White "Sauer, Annika"]
[Black "Kanstinger, Pia"]
[Result "1-0"]
[WhiteElo "1033"]
[BlackElo "800"]
[PlyCount "39"]
[EventDate "2010.05.07"]
[EventType "team-swiss"]
[EventRounds "7"]
[EventCountry "GER"]
[SourceTitle "EXT 2011"]
[Source "ChessBase"]
[SourceDate "2010.11.26"]
[SourceVersion "1"]
[SourceVersionDate "2010.11.26"]
[SourceQuality "1"]
[WhiteTeam "Leegebruch (W)"]
[BlackTeam "Karlsruhe Suedend (W)"]
[WhiteTeamCountry "GER"]
[BlackTeamCountry "GER"]

1. e4 e5 2. Nf3 Nc6 3. Nc3 Nf6 4. Bc4 Bb4 5. d3 Bxc3+ 6. bxc3 d6 7. Bg5 Bg4 8. Bxf6 gxf6 9. 0-0 Bxf3 10. Qxf3 Qd7 11. a4 0-0-0 12. a5 a6 13. Bd5 Ne7 14. Rab1 b6 15. axb6 cxb6 16. Rxb6 Qa7 17. Bb7+ Kc7 18. Rfb1 Rb8 19. Qxf6 Rhe8 20. Qxd6# 1-0